[Event "Pan American U14"]
[Site "Bento Goncalves"]
[Date "2010.08.04"]
[Round "4"]
[White "Yaguana, Daniel"]
[Black "Chiari, Arthur Gontijo"]
[Result "0-1"]
[WhiteElo "1728"]
[BlackElo "1948"]
[PlyCount "70"]
[EventDate "2010.08.02"]
[EventType "swiss"]
[EventRounds "9"]
[EventCountry "BRA"]
[SourceTitle "EXT 2013"]
[Source "ChessBase"]
[SourceDate "2012.11.22"]
[SourceVersion "1"]
[SourceVersionDate "2012.11.22"]
[SourceQuality "1"]

1. c4 Nf6 2. d4 g6 3. Nc3 d5 4. e3 Bg7 5. Nf3 0-0 6. b3 c5 7. Bb2 Nc6 8. cxd5 Nxd5 9. Nxd5 Qxd5 10. Bc4 Qd8 11. h3 Qa5+ 12. Kf1 Rd8 13. Qe1 Qc7 14. Rd1 a6 15. Ba1 b5 16. Be2 cxd4 17. Nxd4 Nxd4 18. Bxd4 Bxd4 19. exd4 Bb7 20. Rc1 Qf4 21. f3 Rxd4 22. g3 Qd6 23. Kf2 Rd8 24. Rd1 Rxd1 25. Bxd1 Qd2+ 26. Qe2 Rd3 27. Qxd2 Rxd2+ 28. Be2 Rxa2 29. Rc1 Bd5 30. Ke3 Bxb3 31. Rc8+ Kg7 32. Ra8 Bc4 33. Bxc4 bxc4 34. Kd4 Ra3 35. Ke4 c3 0-1